| 000 | 00876nas a2200253 4500 | ||
|---|---|---|---|
| 001 | BR8300586 | ||
| 003 | BR-BrBNA | ||
| 005 | 20231205085425.0 | ||
| 007 | ta | ||
| 008 | 230509b bl.|||p| |||| 00| 00por d | ||
| 040 |
_aBR-BrBNA _bpor _cBiblioteca Nacional de Agricultura |
||
| 041 | _a(Pt) | ||
| 072 | _aF00 | ||
| 100 | 1 | _aBianco, A.D.C. | |
| 100 | 1 | _aPiccolo, A.L.G. | |
| 245 | 1 | _aO efeito do acido giberelico na germinacao de sementes de Spathodea nilotica Seem [arvore angiosperma] | |
| 246 | 1 | _a[Effect of giberellic acid on the germination of seeds of Spathodea nilotica Seem [angiosperm tree]] | |
| 650 | _aARVORE ANGIOSPERMA | ||
| 650 | _aSEMENTE | ||
| 650 | _aACIDO GIBERELICO | ||
| 773 | 0 |
_tRevista de Agricultura (Brazil) _xISSN 0034-7655 _g(Nov 1982), v. 57(3) p. 133-143 _wBR8300586 |
|
| 909 |
_a202311 _bLúcia _c55 _dLúcia Elande |
||
| 942 |
_2AGRIS _n0 _cANA |
||
| 999 |
_c111361 _d111361 |
||